000 00535nam a2200181 a 4500
001 000024809
005 20200930023401.0
008 110203s1992 pr r 000 j spa d
040 _aDO-SdBNP
_bspa
_cBNPHU
082 _aPR863.44
_bP625i
100 1 _aPietri, Georgiana
_950914
245 1 0 _aImpasse /
_cGeorgiana Pietri.
260 _aSan Juan, Puerto Rico :
_bEditorial Isla Negra,
_c1992.
300 _aiv, 79 p. ;
_c22 cm.
650 4 _aCuentos puertorriqueños
_9249
650 4 _aLiteratura puertorriqueña
_9250
049 _aBNGR
999 _c24302
_d24302